000 00845cam a2200205 4500
001 WB3713-01
008 000000n2001 000 0 eng u
035 _a(Sirsi) u111645
245 _aChanging tack over local levy
260 _c2001
490 _aDaily Telegraph
_v 26 March 2001, 31(1)
520 _aThere are indications that the government is about to change its policy towards a controversial plan to give councils power to levy a supplementary rate on local companies. Business organisations mounted a strong campaign to oppose the principle of the levy arguing it could cost business £1bn a year
590 _aWB
650 _aSUPPLEMENTARY RATES
650 _aFEDERATION OF SMALL BUSINESSES
650 _aNATIONAL BUSINESS RATE
650 _aREGENERATION SCHEMES
690 _aMANAGEMENT-BUSINESS MANAGEMENT
942 _n0
999 _c66525
_d66525